00510 a2200121 4500100002100000245003000021260004700051300002000098942001700118952012500135952011300260999001500373 aAbdul Razzaq Ali aMaiymeehaage dhari NO: 18 aMale Maldivesb Dhagatha Publishers c2017 a51 Pagesc20 cm cYNiALI6ALI 2ddc3Fast Cataloged Item91850aKFPLbKFPLcKIDd2024-09-08l1oALIpKL-2024-001752r2024-12-16 10:03:51s2024-11-27yYN 2ddc3Fast Cataloged Item91851aKFPLbKFPLcKIDd2024-09-08l0oALIpKL-2024-001751r2024-11-27 10:14:46yYN c1386d1386